Stati dell'America del Sud da Nord a Sud - Statistics

Statistiche generali
  • Questo quiz è stato fatto 14 volte
  • Il punteggio medio è 12 su 12
Statistiche sulle risposte
Latitudine punto nazionale più a Nord Stato % Corretto
09°40′S Bolivia
100%
05°15′N Brasile
100%
12°27′N Colombia
100%
00°01′S Perù
100%
06°01′N Suriname
100%
12°11′N Venezuela
100%
21°48′S Argentina
93%
17°19′S Cile
93%
08°24′N Guyana
93%
19°17′S Paraguay
93%
30°05′S Uruguay
93%
01°41′N Ecuador
86%
Nessun quiz corrispondente trovato
Distribuzione punteggi
Percentuale di utenti per punteggio
Percentile per numero di risposta
I tuoi punteggi nel tempo
Non hai fatto questo quiz